000 00627nam a2200181Ia 4500
008 151018s9999 xx 000 0 und d
082 _bRBASDV61853
_a891.434
100 _aसुदर्शन भाटीया
245 _aकलियुग दर्पण
250 _b1
260 _bहार्दिक प्रकाशन नई दिल्ली
_c2012
300 _a200
600 _aसुदर्शन भाटीया
630 _aकलियुग दर्पण
700 _aसुदर्शन भाटीया
730 _aकलियुग दर्पण
942 _cBOOK
999 _c1055091
_d1055088